Language Quiz

Random Language or Spanish Quiz

Spanish: Geography Quiz Stats

 Plays Quiz Updated Feb 25, 2019

     
Support Sporcle.
Go Orange.
Score 0/18 Timer 05:00
0 Plays Today
English Spanish % Correct
mountainla montaña
88%
beachla playa
86.5%
islandla isla
86%
riverel río
83.3%
worldel mundo
81.9%
lakeel lago
81.7%
seael mar
78.8%
countryel país
77.9%
stateun estado
74.7%
English Spanish % Correct
volcanoel volcán
67.4%
valleyel valle
49.5%
desertel desierto
48.8%
continentel continente
43.9%
forestel bosque
40.2%
junglela selva
38.5%
hillel cerro
26.9%
shorela costa
25.6%
plateaula mesa
23.1%

From the Vault

Sporcle Acrostic Puzzle V

by bhenderson79

Acrostic puzzles are great because you get to solve two puzzles simultaneously and in parallel.
Remove Ads.
Support Sporcle.
Get the best of Sporcle when you Go Orange. This ad-free experience offers more features, more stats, and more fun while also helping to support Sporcle. Thank you for becoming a member.

Show Comments

Extras

Top Quizzes Today


Score Distribution

Your Account Isn't Verified!

In order to create a playlist on Sporcle, you need to verify the email address you used during registration. Go to your Sporcle Settings to finish the process.

Report this User

Report this user for behavior that violates our Community Guidelines.

Details: